Eurovision 2024 Bilderquiz Teil 1 - Statistiken

Allgemein
  • Dieses Quiz wurde 38 mal gespielt
  • Das Durchschnittsergebnis liegt bei 10 aus 13
Antwortstatistiken
Bildquiz Antwort % Korrekt
Frankreich
97%
Großbritannien
85%
Irland
85%
Österreich
79%
Armenien
76%
Estland
76%
Slowenien
73%
Serbien
70%
Tschechien
70%
Portugal
67%
Aserbaidschan
64%
Island
64%
San Marino
58%
Keine übereinstimmenden Quizze gefunden
Verteilung der Resultate
Anzahl Personen mit jedem Resultat
Perzentil nach korrekt beantworteten Fragen
Ihre Resultats-Entwicklung
Sie haben dieses Quiz noch nicht gespielt